[Event "AUTO-MASTER-1806"]
[Site "http://www.queenalice.com/game.php?id=1143670"]
[Date "2013.1.22"]
[Round "1"]
[White "Carl_Flemming"]
[Black "galway75"]
[Result "0-1"]
[WhiteElo "1992"]
[BlackElo "2113"]

1. e4 e6 2. d4 d5 3. Nd2 Nf6 4. e5 Nfd7 5. c4 c5 6. cxd5 exd5 7. Nb3 c4 8. Nd2
Nc6 9. Ndf3 f6 10. Ne2 Bb4+ 11. Bd2 fxe5 12. Nc3 exd4 13. Nxd5 d3 14. Qa4 Nc5
15. Qd1 Bxd2+ 16. Qxd2 Qxd5 17. O-O-O O-O 18. Kb1 Ne4 19. Qe3 Be6 20. Ne1 c3 21.
bxc3 Qxa2+ 22. Kc1 Qa1# 0-1

[Event "AUTO-MASTER-1806"]
[Site "http://www.queenalice.com/game.php?id=1143671"]
[Date "2013.1.22"]
[Round "1"]
[White "galway75"]
[Black "Carl_Flemming"]
[Result "1-0"]
[WhiteElo "2103"]
[BlackElo "2026"]

1. Nf3 g6 2. Nc3 Bg7 3. e4 d6 4. d4 Nc6 5. Be2 Bg4 6. Be3 e5 7. d5 Nce7 8. h3
Bxf3 9. Bxf3 c6 10. dxc6 bxc6 11. Qe2 Nf6 12. O-O-O O-O 13. g4 Qc7 14. g5 Nd7
15. Qd3 Nc8 16. h4 Rd8 17. h5 Ndb6 18. hxg6 fxg6 19. Bg4 Qf7 20. Qf1 d5 21. Qh3
Bf8 22. Be6 1-0

[Event "AUTO-MASTER-1806"]
[Site "http://www.queenalice.com/game.php?id=1143688"]
[Date "2013.1.22"]
[Round "1"]
[White "galway75"]
[Black "Artking"]
[Result "1-0"]
[WhiteElo "2082"]
[BlackElo "1931"]

1. Nf3 Nf6 2. Nc3 g6 3. e4 d6 4. d4 Nbd7 5. h3 c6 6. e5 dxe5 7. dxe5 Nh5 8. Bc4
e6 9. g4 Ng7 10. Bh6 Qc7 11. Qe2 a6 12. Ne4 Kd8 13. O-O-O Rg8 14. Nfg5 b5 15.
Nxf7+ Ke7 16. Ned6 bxc4 17. Bg5+ Nf6 18. Bxf6+ Kd7 19. Nb5+ Ke8 20. Nxc7+ Kxf7
21. Nxa8 Bc5 22. Qxc4 1-0

[Event "AUTO-MASTER-1806"]
[Site "http://www.queenalice.com/game.php?id=1143689"]
[Date "2013.1.22"]
[Round "1"]
[White "Artking"]
[Black "galway75"]
[Result "0-1"]
[WhiteElo "1687"]
[BlackElo "2102"]

1. d4 d5 2. c4 Nf6 3. Nc3 e6 4. Nf3 Nc6 5. Bg5 Bb4 6. Qc2 O-O 7. e3 h6 8. Bh4
Bd7 9. Bd3 Be7 10. O-O Nb4 11. Qe2 c5 12. Bb1 cxd4 13. exd4 dxc4 14. Qxc4 Rc8
15. Qe2 Bc6 0-1

[Event "AUTO-MASTER-1806"]
[Site "http://www.queenalice.com/game.php?id=1143690"]
[Date "2013.1.22"]
[Round "1"]
[White "galway75"]
[Black "pgierech"]
[Result "1-0"]
[WhiteElo "2157"]
[BlackElo "1967"]

1. Nf3 d5 2. g3 c6 3. d4 Bg4 4. Nc3 Nf6 5. Bg2 e6 6. O-O Nbd7 7. Bf4 Be7 8. Ne5
Bh5 9. Re1 O-O 10. Nxd7 Qxd7 11. Qd2 Bd6 12. Bxd6 Qxd6 13. e4 dxe4 14. Nxe4 Nxe4
15. Rxe4 Bg6 16. Rh4 Rad8 17. Qe2 Rfe8 18. Re1 f6 19. Be4 Bxe4 20. Qxe4 h6 21.
Qg6 Re7 22. Ree4 Kf8 23. Qh7 Ke8 24. Reg4 Kd7 25. Rxg7 Rxg7 26. Qxg7+ Kc8 27.
Qxf6 Rf8 28. Qxh6 Rd8 29. Qf6 Rf8 30. Rh8 Rxh8 31. Qxh8+ Kc7 32. Qe5 1-0

[Event "AUTO-MASTER-1806"]
[Site "http://www.queenalice.com/game.php?id=1143691"]
[Date "2013.1.22"]
[Round "1"]
[White "pgierech"]
[Black "galway75"]
[Result "0-1"]
[WhiteElo "2002"]
[BlackElo "2163"]

1. f4 Nf6 2. Nf3 Nc6 3. d3 d5 4. Nbd2 e6 5. e4 dxe4 6. Nxe4 Be7 7. Be2 O-O 8.
O-O Nxe4 9. dxe4 Bc5+ 10. Kh1 Qe7 11. c3 Rd8 12. Qc2 Bb6 13. b3 e5 14. f5 g6 15.
a4 f6 16. Bh6 Kh8 17. Nh4 g5 18. Nf3 a6 19. h4 g4 20. Nh2 g3 21. Nf3 Bd7 22.
Rad1 Be8 23. Rxd8 Rxd8 24. Rd1 Rxd1+ 25. Qxd1 Bh5 26. Qd5 Bf7 27. Qd1 Bf2 28. b4
a5 29. b5 Nd8 30. Ng1 Bg8 31. Nh3 Bc5 32. Qd3 Nf7 33. Bd2 Nd6 34. Qf3 Bb3 35. c4
Bxa4 36. Bxa5 Bc2 37. Qxg3 Bxe4 38. h5 Nxf5 39. Qg4 Qg7 40. Qxg7+ Kxg7 41. Kh2
b6 42. Bd2 Bc2 43. g4 Nd4 44. Ng1 Nxe2 45. Nxe2 Bd1 46. Ng3 Bxg4 47. Ne4 Bf8 48.
Ng3 Be6 49. Kg2 Bxc4 0-1

[Event "AUTO-MASTER-1806"]
[Site "http://www.queenalice.com/game.php?id=1186493"]
[Date "2013.5.31"]
[Round "2"]
[White "galway75"]
[Black "JORGESILVA19D"]
[Result "1-0"]
[WhiteElo "2209"]
[BlackElo "2204"]

1. Nf3 f5 2. b3 Nf6 3. Bb2 e6 4. g3 d5 5. Bg2 Bd6 6. O-O O-O 7. d3 c6 8. Nbd2
Nbd7 9. e4 fxe4 10. dxe4 dxe4 11. Ng5 Nc5 12. Bxf6 Qxf6 13. Ndxe4 1-0

[Event "AUTO-MASTER-1806"]
[Site "http://www.queenalice.com/game.php?id=1186494"]
[Date "2013.5.31"]
[Round "2"]
[White "JORGESILVA19D"]
[Black "galway75"]
[Result "0-1"]
[WhiteElo "2208"]
[BlackElo "2223"]

1. e4 e6 2. d4 d5 3. exd5 exd5 4. Bd3 Nf6 5. h3 c5 6. dxc5 Bxc5 7. Ne2 Nc6 8.
O-O O-O 9. Bg5 h6 10. Bh4 g5 11. Bg3 Ne4 12. Nbc3 Bf5 13. Kh2 Re8 14. f4 g4 15.
hxg4 Bxg4 16. Bxe4 dxe4 17. Qe1 f5 18. Rd1 Qe7 19. Nd5 Qf7 20. Bf2 Rad8 21. Bxc5
Rxd5 22. Rxd5 Qxd5 23. Be3 Qxa2 24. b4 Qc4 25. Rf2 Nxb4 26. Nc3 Rc8 27. Qd2 a5
28. Qd7 Qc6 29. Nxe4 Qxd7 30. Nf6+ Kf7 31. Nxd7 Rxc2 32. Ne5+ Ke6 33. Nxg4 fxg4
34. f5+ Kf6 35. Bd4+ Kf7 36. Rf4 h5 37. f6 Rc4 38. Re4 Nc6 0-1

[Event "AUTO-MASTER-1806"]
[Site "http://www.queenalice.com/game.php?id=1186495"]
[Date "2013.5.31"]
[Round "2"]
[White "galway75"]
[Black "docb"]
[Result "1-0"]
[WhiteElo "2199"]
[BlackElo "2048"]

1. Nf3 Nf6 2. Nc3 g6 3. e4 d6 4. d4 Bg7 5. Be2 O-O 6. O-O c5 7. dxc5 dxc5 8.
Qxd8 Rxd8 9. Be3 b6 10. Rfd1 Rf8 11. h3 Bb7 12. e5 Nfd7 13. Bf4 e6 14. Nb5 Rc8
15. Nd6 Rc7 16. Nxb7 Rxb7 17. Bb5 a6 18. Bd3 Raa7 19. Be4 Rc7 20. c4 Nc6 21.
Rxd7 Rxd7 22. Bxc6 Rd3 23. Be4 Rd8 24. Bg5 Rf8 25. Rd1 h6 26. Bd8 b5 27. Bb6 1-0

[Event "AUTO-MASTER-1806"]
[Site "http://www.queenalice.com/game.php?id=1186496"]
[Date "2013.5.31"]
[Round "2"]
[White "docb"]
[Black "galway75"]
[Result "0-1"]
[WhiteElo "1990"]
[BlackElo "2170"]

1. e4 c5 2. Nc3 Nc6 3. g3 Nf6 4. Bg2 g6 5. f4 d6 6. d3 Bg7 7. Nf3 O-O 8. O-O Qb6
9. Kh1 Be6 10. h3 a5 11. g4 Rac8 12. f5 Bd7 13. g5 Nh5 14. Nd5 Qd8 15. Qe1 Nb4
16. Nxb4 cxb4 17. fxg6 fxg6 18. Rf2 Ba4 19. Qd1 Qb6 20. Kg1 Rxc2 21. Qe1 Rxf3
22. Bxf3 Bd4 0-1

[Event "AUTO-ELITE-1169"]
[Site "http://www.queenalice.com/game.php?id=1192260"]
[Date "2013.6.19"]
[Round "1"]
[White "galway75"]
[Black "makibaque"]
[Result "1/2-1/2"]
[WhiteElo "2240"]
[BlackElo "2450"]

1. Nf3 Nf6 2. c4 e6 3. Nc3 c5 4. g3 d5 5. cxd5 Nxd5 6. e4 Nb4 7. d3 N4c6 8. Bg2
Be7 9. O-O Nd4 10. e5 Nbc6 11. Nxd4 cxd4 12. Nb5 Qb6 13. Nd6+ Bxd6 14. exd6 O-O
15. Re1 f6 16. Be4 Ne5 17. Bf4 Ng6 18. Bxg6 hxg6 19. Qa4 Rd8 20. Qc4 Bd7 21.
Rxe6 Bxe6 22. Qxe6+ Kh7 23. Qh3+ Kg8 24. Qe6+ Kh7 25. Rc1 Re8 26. Qh3+ Kg8 27.
d7 Rf8 28. Rc8 f5 29. Bc7 Qxb2 30. d8=Q Rxd8 31. Rxd8+ Rxd8 32. Bxd8 Qxa2 33.
Qf1 a5 34. Bb6 Qb2 35. Bxa5 b6 36. Be1 b5 37. Qg2 b4 38. Qd5+ Kh7 39. Kg2 b3 40.
Bb4 Qc2 41. Qxd4 b2 42. Bc3 Qxc3 43. Qxc3 b1=Q 44. h4 Qb7+ 45. f3 Qa7 46. Qb2
Qe3 47. d4 Kh6 48. f4 Qd3 1/2-1/2

[Event "AUTO-ELITE-1169"]
[Site "http://www.queenalice.com/game.php?id=1192261"]
[Date "2013.6.19"]
[Round "1"]
[White "makibaque"]
[Black "galway75"]
[Result "0-1"]
[WhiteElo "2461"]
[BlackElo "2267"]

1. e4 c5 2. Nf3 Nc6 3. d4 cxd4 4. Nxd4 Nf6 5. Nc3 e6 6. Ndb5 Bb4 7. a3 Bxc3+ 8.
Nxc3 d5 9. exd5 exd5 10. Bd3 O-O 11. O-O d4 12. Ne2 Re8 13. Bg5 h6 14. Bh4 g5
15. Bg3 Qb6 16. Re1 Bd7 17. b4 Ne4 18. Bxe4 Rxe4 19. f3 Re7 20. Bf2 Rae8 21. c3
g4 22. f4 Re4 23. cxd4 Ne7 24. d5 Qd6 0-1

[Event "AUTO-ELITE-1169"]
[Site "http://www.queenalice.com/game.php?id=1192262"]
[Date "2013.6.19"]
[Round "1"]
[White "galway75"]
[Black "Kir"]
[Result "1-0"]
[WhiteElo "2252"]
[BlackElo "2359"]

1. Nf3 d5 2. g3 Nf6 3. Bg2 e6 4. c4 dxc4 5. O-O c6 6. Qc2 Qd5 7. Na3 Bxa3 8.
bxa3 Qe4 9. d3 cxd3 10. exd3 Qf5 11. Nd4 Qe5 12. Qc4 O-O 13. Bf4 Qh5 14. Bd6 Rd8
15. Be7 1-0

[Event "AUTO-ELITE-1169"]
[Site "http://www.queenalice.com/game.php?id=1192263"]
[Date "2013.6.19"]
[Round "1"]
[White "Kir"]
[Black "galway75"]
[Result "0-1"]
[WhiteElo "2375"]
[BlackElo "2236"]

1. c4 Nf6 2. d4 e6 3. Nc3 Bb4 4. a3 Bxc3+ 5. bxc3 O-O 6. Qd3 Nc6 7. e4 d6 8. Bg5
e5 9. Nf3 h6 10. Bh4 exd4 11. cxd4 g5 12. Bg3 Nxe4 13. O-O-O Bf5 14. Qb3 Re8 0-1

[Event "AUTO-OPEN-2895"]
[Site "http://www.queenalice.com/game.php?id=1212796"]
[Date "2013.8.29"]
[Round "2"]
[White "dutra2302"]
[Black "galway75"]
[Result "1-0"]
[WhiteElo "2310"]
[BlackElo "2246"]

1. Nf3 Nf6 2. d4 d5 3. e3 Nc6 4. Nc3 g6 5. Be2 a6 6. Ne5 Qd6 7. Nxc6 Qxc6 8. Bd3
Bf5 9. f3 h5 10. O-O h4 11. Bd2 Bg7 12. Rc1 O-O-O 13. Qe2 h3 14. g4 Bxd3 15.
cxd3 Kb8 16. b4 Qe6 17. b5 axb5 18. Nxb5 c6 19. Nc3 g5 20. a4 Rc8 21. a5 Ne8 22.
a6 bxa6 23. Qd1 Nc7 24. Na4 1-0

[Event "AUTO-OPEN-2895"]
[Site "http://www.queenalice.com/game.php?id=1212797"]
[Date "2013.8.29"]
[Round "2"]
[White "galway75"]
[Black "dutra2302"]
[Result "0-1"]
[WhiteElo "2236"]
[BlackElo "2299"]

1. Nf3 Nf6 2. c4 e6 3. Nc3 d5 4. d4 Be7 5. g3 O-O 6. Bg2 dxc4 7. Qa4 a6 8. Qxc4
b5 9. Qb3 Bb7 10. O-O c5 11. dxc5 Nbd7 12. Rd1 Bxc5 13. Bg5 Qb6 14. e3 h6 15.
Bxf6 Nxf6 16. Nd4 Rfd8 17. Bxb7 Qxb7 18. Rac1 Rac8 19. a4 b4 20. Nce2 e5 21. Nf5
Ne4 22. Qc4 Rxd1+ 23. Rxd1 Bf8 24. Qd5 Qxd5 25. Rxd5 f6 0-1

[Event "AUTO-OPEN-2895"]
[Site "http://www.queenalice.com/game.php?id=1212800"]
[Date "2013.8.29"]
[Round "2"]
[White "netus"]
[Black "galway75"]
[Result "1-0"]
[WhiteElo "1945"]
[BlackElo "2262"]

1. d4 Nf6 2. c4 e6 3. Nc3 Bb4 4. e3 Nc6 5. Ne2 O-O 6. a3 Be7 7. d5 Ne5 8. Ng3
Bc5 9. Be2 d6 10. Na4 b5 11. cxb5 exd5 12. b3 a6 13. Bb2 axb5 14. Nxc5 dxc5 15.
Bxe5 Re8 16. Bxf6 Qxf6 17. Bxb5 c6 18. Be2 Qc3+ 19. Kf1 Be6 20. Rc1 Qe5 21. a4
d4 22. exd4 cxd4 23. Bf3 1-0

[Event "AUTO-OPEN-2895"]
[Site "http://www.queenalice.com/game.php?id=1212801"]
[Date "2013.8.29"]
[Round "2"]
[White "galway75"]
[Black "netus"]
[Result "0-1"]
[WhiteElo "2285"]
[BlackElo "1915"]

1. Nf3 Nf6 2. c4 g6 3. d4 Bg7 4. Nc3 O-O 5. e4 d6 6. Be2 e5 7. dxe5 dxe5 8. Qc2
Nc6 9. Bg5 h6 10. Bh4 g5 11. Bg3 Nd4 12. Nxd4 exd4 13. O-O-O c6 14. Kb1 Re8 15.
h4 g4 16. f3 Nh5 17. Bf2 g3 18. Be3 Qd6 19. Rhf1 Be5 20. Qc1 Qf6 21. f4 Nxf4 22.
Bxf4 dxc3 0-1